Universitat catalana : publicació quinzenal publicació quinzenal
Descripción Física:
14 volums : periodicitat quinzenal ; 28 cm
MARC
| LEADER | 00000nas a2200000 a 4500 | ||
|---|---|---|---|
| 001 | 29053 | ||
| 003 | AGDB | ||
| 005 | 20260324180153.0 | ||
| 008 | 160829s1932 - xx 000 0 cat d | ||
| 008 | 160829s9999 xx 000 0 cat d | ||
| 080 | |a Revistes | ||
| 245 | |a Universitat catalana : |b publicació quinzenal | ||
| 260 | |a Barcelona : |b Universitat [Catalana], |c 1932 - | ||
| 300 | |a 14 volums : |b periodicitat quinzenal ; |c 28 cm | ||
| 362 | |a Núm. 1 (7 nov. 1932)- | ||
| 590 | |a Prové de 4165 exp. 50 (expedient sobre subvencions) | ||
| 650 | |a Universitats |x Catalunya |x Revistes |9 48446 | ||
| 650 | 0 | |a Universitat de Barcelona |v Revistes |9 72780 | |
| 650 | |a Estudiants universitaris |x Revistes |9 48447 | ||
| 710 | 2 | |a Universitat de Barcelona |9 51297 | |
| 866 | |a 1932 (1-2, 3-4), 1933 (5-6, 7-8, 9-10, 11-12, 13-14) | ||
| 901 | |a Arxiu | ||
| 942 | |n 1 |2 udc |c ARXIU | ||
| 952 | |0 0 |1 0 |2 udc |4 0 |6 REV2410 |7 1 |9 54558 |a Arxiu |b Arxiu |d 2016-12-01 |h Núm. 1-2, 3-4 (1932) ; núm. 5-6, 7-8, 9-10, 11-12, 13-14 (1933) |l 0 |o Rev-2410 |p 29053 |r 2016-12-01 00:00:00 |w 2016-12-01 |y ARXIU | ||
| 999 | |c 58427 |d 58427 | ||